Culture Générale - Série 117 - Statistiques

Statistiques générales
  • Ce quiz a été pris 607 fois
  • Le résultat moyen est 6 sur 10
Statistiques - réponses
Question Réponse % Correct
Avec le rouge et le bleu, quelle est la 3e des couleurs dites primaires ? Jaune
98%
A qui attribue-t-on la formule : "Alea jacta est" ? Jules César
94%
Dans quel fleuve se jette le Cher ? Loire
85%
A quel auteur français doit-on le personnage de Zadig ? Voltaire
85%
De quel pays le Tyrol est-il une province ? Autriche
73%
Qu'est-ce que la bourrée auvergnate ? Danse
57%
Quelle langue étudiez-vous si vous utilisez un dictionnaire Gaffiot ? Latin
45%
De quel Etat des Etats-Unis Atlanta est-elle la capitale ? Géorgie
43%
Qui était la chanteuse des Supremes entre 1961 et 1970 ? Diana Ross
29%
Qui fut "le Fugitif" au cinéma en 1993 ? Harrison Ford
29%
Aucun quiz correspondant
Distribution des résultats
% des personnes avec chaque résultat
Percentile par nombre de réponses
Votre historique - résultats
Vous n’avez pas pris ce quiz